|
|
|
|
| LEADER |
00000cab a2200000 a 4500 |
| 003 |
Ucuenca |
| 005 |
20230308202407.0 |
| 008 |
005101| ||||||||r|||||||||||spa|| |
| 040 |
|
|
|b spa
|
| 041 |
1 |
|
|a spa
|
| 082 |
0 |
|
|a 330.5
|b E15e
|
| 110 |
2 |
|
|a Corporación Ekos.
|9 119058
|
| 245 |
|
|
|a Petróleo: una guerra de intereses
|h imp
|c Ekos
|
| 264 |
|
|
|a Quito
|b Economía Negocios, Finanzas
|c Octubre 2005
|
| 300 |
|
|
|a páginas: 16-24
|
| 362 |
|
|
|a no. 138 (octubre 2005)
|
| 650 |
1 |
0 |
|a Contaminación petrolera
|9 19575
|
| 650 |
1 |
0 |
|a Contaminación petrolera
|9 19575
|
| 650 |
1 |
0 |
|a Contaminación petrolera
|9 19575
|
| 852 |
|
|
|a UC-CDJBV
|f Donación
|l 1
|m General
|p 20051013
|q 1.00
|b 0
|d CDRC
|e CDRC
|g 330.5 E15e TERCER PISO 8SECCION TESIS>
|z 2005-51-01
|
| 942 |
|
|
|c SERA
|
| 773 |
0 |
|
|0 152028
|9 138282
|a Economía, Negocios Finanzas
|d Quito Economía, Negocios Finanzas Octubre 2005
|o si819
|t Ekos Economia y Negocios
|
| 999 |
|
|
|c 101826
|d 101826
|